Visualizzazione normale
Vista MARC
- Benassi Angela
di Personal Name
Records bibliografici associati: 1
001 - CONTROL NUMBER
- control field: 33259
003 - CONTROL NUMBER IDENTIFIER
- control field: IT-RoPau
005 - DATE AND TIME OF LATEST TRANSACTION
- control field: 20140704121924.0
008 - FIXED-LENGTH DATA ELEMENTS
- fixed length control field: 140704|| aca||aabn | a|a d
040 ## - CATALOGING SOURCE
- Original cataloging agency: IT-RoPau
- Transcribing agency: IT-RoPau
100 ## - HEADING--PERSONAL NAME
- Personal name: Benassi Angela
- Relator term: Autore testo
- Miscellaneous information: Codice autore testo SPICS: 56199
670 ## - SOURCE DATA FOUND
- Source citation: Work cat.: (IT-RoPau)102471: Di Mario Angelo 853, Girotondo per Padre Pio